000 00367nam a22001337a 4500
999 _c13750
_d13750
020 _a9781492079392
082 _a004
100 _aChris Fregly & Antje Barth
245 _aData Science on AWS:
_bImplementing End-to-End, Continuous AI and Machine Learning Pipelines
250 _a1st ed.
260 _aUSA
_bO'Reilly Media
_c2021
300 _a521 pages
942 _cBK